|
|
|
|
| LEADER |
01213nam a22002657a 4500 |
| 001 |
33294 |
| 003 |
BD-DhAAL |
| 005 |
20250624112501.0 |
| 008 |
180716t2009 bg ||||| |||| 001 0 ben d |
| 020 |
|
|
|a 9847015601225
|
| 040 |
|
|
|a BD-DhAAL
|d BD-DhAAL
|
| 041 |
|
|
|a ben
|
| 082 |
|
|
|a 144
|
| 100 |
|
|
|a মজহার, ফরহাদ.
|9 27373
|
| 245 |
|
|
|a সাঁইজীর দৈন্য গান /
|c ফরহাদ মজহার.
|
| 260 |
|
|
|a ঢাকা :
|b মাওলা ব্রাদার্স,
|c ২০০৯.
|
| 300 |
|
|
|a ৩০২ পৃষ্ঠা :
|c ২২ সে. মি.
|
| 500 |
|
|
|a নিঘন্ট অন্তভূক্ত
প্রথম প্রকাশ ২০০০
|
| 526 |
|
|
|a ARC
|
| 541 |
|
|
|a Department of Architecture
|e 33294
|
| 650 |
|
|
|a Humanism.
|9 27374
|
| 852 |
|
|
|a Department of Architecture
|c General Stacks
|
| 942 |
|
|
|2 ddc
|c BK
|
| 999 |
|
|
|c 39791
|d 39791
|
| 952 |
|
|
|0 0
|1 1
|2 ddc
|4 0
|6 144_000000000000000_MAZ
|7 0
|9 63822
|a ARC
|b ARC
|c GEN
|d 2018-07-16
|e Department of Architecture
|l 0
|o 144 MAZ
|p 3010033294
|r 2018-07-16
|t 1
|w 2018-07-16
|y BK
|x lost from the ARC department library and approved by the Dean (reasons personal books withdrawn by Hasibul Kabir Sir and Building shifting)
|